000 00539nam a2200181Ia 4500
999 _c16755
_d16755
003 OSt
005 20200606120003.0
008 190216s9999||||xx |||||||||||||| ||und||
020 _a8189394134
040 _cMESKC library
082 _a891.433
_bTRI/S
100 _aTripati, Gowardhanram Madhavram
_9426
245 0 _aSaraswathi Chandra /
_cGowardhanram Madhavram Tripati
260 _bLok Shiksha Manch,
_c2010.
_aDelhi:
300 _a215p
650 _aHindi
942 _cBK
_2ddc
_h891.433
_iTRI/S
_k891.433
_mTRI/S